000 00432nam a22001697a 4500
003 UA-OsUOA
001 2712
007 ta
008 20050721b un ||||| |||| 00| 0 ukr d
100 _aСтепанова
700 _aМ. Д.
942 _cBK
040 _aUA-OsUOA
_cUA-OsUOA
_dUA-OsUOA
245 _aСловарь словообраз. элементов немецкого языка.
_bGerman
955 _a2
650 7 _2UDC
999 _c288874
_d288874